[Event "IND-ch (Women) 46th"]
[Site "Managiri"]
[Date "2019.07.26"]
[Round "10"]
[White "Parnali, S Dharia"]
[Black "Ramaswamy, Aarthie"]
[Result "0-1"]
[WhiteElo "2145"]
[BlackElo "2020"]
[PlyCount "134"]
[EventDate "2019.07.19"]
[EventType "swiss"]
[EventRounds "11"]
[EventCountry "IND"]
[SourceTitle "EXT 2020"]
[Source "ChessBase"]
[SourceDate "2019.10.17"]
[SourceVersion "1"]
[SourceVersionDate "2019.10.17"]
[SourceQuality "1"]

1. d4 Nf6 2. c4 e6 3. g3 d5 4. Bg2 Bb4+ 5. Bd2 Bd6 6. Nf3 c6 7. Qc2 0-0 8. 0-0 Nbd7 9. Bf4 Bxf4 10. gxf4 Ne4 11. Nbd2 f5 12. e3 Ndf6 13. b4 Bd7 14. Ne5 Nxd2 15. Qxd2 Ne4 16. Qe2 Be8 17. Rac1 Rf6 18. b5 Rh6 19. bxc6 bxc6 20. cxd5 cxd5 21. Qa6 Nd6 22. Rc5 Qb6 23. Qa3 Rf6 24. Rxd5 exd5 25. Bxd5+ Nf7 26. Bxa8 Nxe5 27. fxe5 Rg6+ 28. Bg2 Bc6 29. f3 Bd5 30. Kh1 Qb7 31. e4 Ra6 32. Qc5 fxe4 33. fxe4 Bf7 34. d5 Qb8 35. e6 Bg6 36. e5 h6 37. Qc4 Rb6 38. Be4 Rb4 39. Qxb4 Qxb4 40. Bxg6 Qc4 41. Rd1 Qe2 42. Bf7+ Kh7 43. Rg1 Qf3+ 44. Rg2 Qd1+ 45. Rg1 Qxd5+ 46. Rg2 Qxe5 47. h3 g5 48. Kg1 Kg7 49. Kh1 Kf6 50. Rf2+ Ke7 51. Rg2 Qe3 52. Kh2 Qf4+ 53. Rg3 Qf2+ 54. Rg2 Qf3 55. Rg3 Qf4 56. a3 a5 57. Kg2 Qd2+ 58. Kg1 Qe1+ 59. Kh2 Qe5 60. Kg2 Qe2+ 61. Kh1 Qf2 62. Rb3 a4 63. Rb7+ Kf6 64. Bh5 Kxe6 65. Bg4+ Kd6 66. Rb4 Qe1+ 67. Kg2 Qxb4 0-1

[Event "IND-ch (Women) 46th"]
[Site "Managiri"]
[Date "2019.07.21"]
[Round "4"]
[White "Ramaswamy, Aarthie"]
[Black "Priyanka, K."]
[Result "1-0"]
[WhiteElo "2020"]
[BlackElo "2217"]
[PlyCount "117"]
[EventDate "2019.07.19"]
[EventType "swiss"]
[EventRounds "11"]
[EventCountry "IND"]
[SourceTitle "EXT 2020"]
[Source "ChessBase"]
[SourceDate "2019.10.17"]
[SourceVersion "1"]
[SourceVersionDate "2019.10.17"]
[SourceQuality "1"]

1. e4 c5 2. Nf3 d6 3. d4 cxd4 4. Nxd4 Nf6 5. Nc3 a6 6. a3 e5 7. Nf5 d5 8. Bg5 d4 9. Bxf6 gxf6 10. Na2 Nc6 11. Bd3 Be6 12. 0-0 Ne7 13. Qf3 Rg8 14. c3 Ng6 15. g3 Bc5 16. Kh1 Ne7 17. cxd4 Bxf5 18. dxc5 Bg4 19. Qe3 Nc6 20. f3 Be6 21. Nc3 Qd4 22. Qxd4 Nxd4 23. Nd5 Bxd5 24. exd5 Rd8 25. c6 bxc6 26. dxc6 Nxc6 27. Bxa6 Ke7 28. b4 f5 29. Rfe1 Kd6 30. Rad1+ Nd4 31. Bd3 Nxf3 32. Be4+ Nd4 33. Bxf5 h5 34. Kg2 Rg5 35. Be4 f5 36. h4 Rg7 37. Bxf5 Rdg8 38. Re3 Kc7 39. Bh3 Kb6 40. Kh2 Rc7 41. Rd2 Rf8 42. Bg2 Rf5 43. Be4 Rf1 44. Bg2 Rf5 45. a4 Rc4 46. Rb2 Nc2 47. a5+ Kb5 48. Rf3 Rxf3 49. Bxf3 Nd4 50. Bxh5 e4 51. Be2 Nxe2 52. Rxe2 Rxb4 53. Ra2 Kc4 54. a6 Rb8 55. a7 Ra8 56. Kg2 Kd3 57. Kf2 e3+ 58. Ke1 e2 59. Ra3+ 1-0

[Event "IND-ch (Women) 45th"]
[Site "Jaipur"]
[Date "2018.11.22"]
[Round "7"]
[White "Ramaswamy, Aarthie"]
[Black "Priyanka, K."]
[Result "1/2-1/2"]
[WhiteElo "1994"]
[BlackElo "2207"]
[PlyCount "65"]
[EventDate "2018.11.18"]
[EventType "swiss"]
[EventRounds "11"]
[EventCountry "IND"]
[SourceTitle "CBM 187 Extra"]
[Source "ChessBase"]
[SourceDate "2018.11.04"]
[SourceVersion "1"]
[SourceVersionDate "2018.11.04"]
[SourceQuality "1"]

1. e4 c5 2. Nf3 d6 3. d4 cxd4 4. Nxd4 Nf6 5. Nc3 e5 6. Nb3 a6 7. Bg5 Be6 8. Bxf6 Qxf6 9. Na5 Qd8 10. Nc4 b5 11. Ne3 Nd7 12. a4 b4 13. Ncd5 Nc5 14. f3 Rb8 15. b3 g6 16. Bc4 Bh6 17. Qe2 a5 18. Bb5+ Kf8 19. Rd1 Bxd5 20. Rxd5 Bxe3 21. Qxe3 Ne6 22. 0-0 Ke7 23. Qa7+ Qc7 24. Qf2 Qb6 25. Qxb6 Rxb6 26. Bc4 Ra8 27. Rf2 Nc5 28. Bb5 f6 29. Kf1 Rf8 30. Bc4 Ra8 31. Bb5 Rf8 32. Bc4 Ra8 33. Bb5 1/2-1/2

[Event "IND-ch Challengers (Women) 44th"]
[Site "Mysore"]
[Date "2017.07.26"]
[Round "8"]
[White "Harshita, Guddanti"]
[Black "Ramaswamy, Aarthie"]
[Result "1/2-1/2"]
[WhiteElo "2180"]
[BlackElo "2072"]
[PlyCount "61"]
[EventDate "2017.07.21"]
[EventType "swiss"]
[EventRounds "11"]
[EventCountry "IND"]
[SourceTitle "EXT 2019"]
[Source "ChessBase"]
[SourceDate "2018.10.10"]
[SourceVersion "1"]
[SourceVersionDate "2018.10.10"]
[SourceQuality "1"]

1. e4 c5 2. Nf3 Nc6 3. d4 cxd4 4. Nxd4 Nf6 5. Nc3 d6 6. Bc4 Bd7 7. Be3 Ng4 8. Nxc6 bxc6 9. Bf4 e5 10. Bg3 Be7 11. Qe2 Qa5 12. 0-0 0-0 13. Rad1 Nf6 14. Bb3 Rad8 15. h3 Bc8 16. Rfe1 Ba6 17. Bc4 Bxc4 18. Qxc4 Rb8 19. Rb1 Rfd8 20. b4 Qb6 21. Red1 Nh5 22. Qd3 Nxg3 23. Qxg3 Qc7 24. a4 d5 25. exd5 Rxb4 26. Rxb4 Bxb4 27. dxc6 Rxd1+ 28. Nxd1 Qxc6 29. Qxe5 Qxc2 30. Qe8+ Bf8 31. Ne3 1/2-1/2

[Event "IND-ch Challengers (Women) 43rd"]
[Site "Chennai"]
[Date "2016.06.25"]
[Round "11"]
[White "Ramaswamy, Aarthie"]
[Black "Lakshmi, Chidambaram"]
[Result "1-0"]
[WhiteElo "2075"]
[BlackElo "1768"]
[PlyCount "107"]
[EventDate "2016.06.17"]
[EventType "swiss"]
[EventRounds "11"]
[EventCountry "IND"]
[SourceTitle "CBM 173 Extra"]
[Source "ChessBase"]
[SourceDate "2016.08.29"]
[SourceVersion "1"]
[SourceVersionDate "2016.08.29"]
[SourceQuality "1"]

1. e4 c5 2. Nf3 Nc6 3. d4 cxd4 4. Nxd4 Nf6 5. Nc3 e5 6. Ndb5 d6 7. Bg5 a6 8. Na3 b5 9. Bxf6 gxf6 10. Nd5 f5 11. c3 Bg7 12. Bd3 Be6 13. Nxb5 axb5 14. Bxb5 Bd7 15. exf5 0-0 16. 0-0 Kh8 17. Qf3 f6 18. a4 Rb8 19. b4 Re8 20. Qe4 Qc8 21. g4 Ne7 22. Bxd7 Qxd7 23. Nxe7 Rxe7 24. Rfd1 Qc7 25. Ra3 Bh6 26. a5 Rg7 27. h3 Bf4 28. Kg2 h5 29. Kf3 hxg4+ 30. hxg4 Rh7 31. a6 Qa7 32. Ke2 Rg8 33. Rh1 Bh6 34. c4 Rgg7 35. b5 Bf4 36. Rah3 Rxh3 37. Rxh3+ Kg8 38. Qc6 Qd7 39. Qxd7 Rxd7 40. b6 d5 41. a7 Rd8 42. b7 e4 43. a8Q Bb8 44. cxd5 Kg7 45. Rc3 Kh6 46. Rc8 Be5 47. Rxd8 Kg5 48. Rg8+ Kh4 49. Rg6 Kh3 50. Qh8+ Kg2 51. g5 Bh2 52. gxf6+ Kh1 53. Kf1 e3 54. Rg1# 1-0

[Event "Doeberl Cup 53rd"]
[Site "Canberra"]
[Date "2015.04.03"]
[Round "4"]
[White "Ramaswamy, Aarthie"]
[Black "Izzat, Kanan Azar"]
[Result "0-1"]
[WhiteElo "2042"]
[BlackElo "2419"]
[PlyCount "82"]
[EventDate "2015.04.02"]
[EventType "swiss"]
[EventRounds "9"]
[EventCountry "AUS"]
[SourceTitle "CBM 165 Extra"]
[Source "ChessBase"]
[SourceDate "2015.04.21"]
[SourceVersion "1"]
[SourceVersionDate "2015.04.21"]
[SourceQuality "1"]

1. e4 c5 2. Nf3 e6 3. d4 cxd4 4. Nxd4 Nc6 5. Nc3 Qc7 6. Be2 Nf6 7. 0-0 Be7 8. Kh1 0-0 9. f4 d6 10. Be3 Nxd4 11. Bxd4 e5 12. Be3 exf4 13. Bxf4 Be6 14. Qe1 Nd7 15. Qg3 Ne5 16. Rad1 a6 17. Bd3 Rfe8 18. Nd5 Bxd5 19. exd5 Nxd3 20. Qxd3 Bf6 21. c3 Be5 22. Bc1 g6 23. Rf3 f5 24. Re1 Bxc3 25. Ref1 Be5 26. R3f2 Rac8 27. Bh6 Qc4 28. Qxc4 Rxc4 29. h3 Rh4 30. Bg5 Rb4 31. b3 Rc8 32. Bh6 Rh4 33. Bg5 Rd4 34. g4 Rc3 35. Rf3 Rxf3 36. Rxf3 fxg4 37. hxg4 Rxg4 38. Be7 Rf4 39. Rd3 Kf7 40. Bd8 Rd4 41. Rf3+ Kg7 0-1

[Event "IND-chB (Women) 41st"]
[Site "Mapusa"]
[Date "2014.09.09"]
[Round "5"]
[White "Tarini, Goyal"]
[Black "Ramaswamy, Aarthie"]
[Result "1/2-1/2"]
[WhiteElo "1854"]
[BlackElo "2096"]
[PlyCount "116"]
[EventDate "2014.09.07"]
[EventType "swiss"]
[EventRounds "11"]
[EventCountry "IND"]
[SourceTitle "CBM 162 Extra"]
[Source "ChessBase"]
[SourceDate "2014.10.17"]
[SourceVersion "1"]
[SourceVersionDate "2014.10.17"]
[SourceQuality "1"]

1. d4 Nf6 2. c4 e6 3. Nc3 Bb4 4. e3 0-0 5. Nge2 d5 6. a3 Be7 7. cxd5 exd5 8. Nf4 c6 9. Bd3 Re8 10. 0-0 Bd6 11. Nce2 Nbd7 12. Qc2 Nf8 13. Ng3 Ng6 14. Nfe2 Ne4 15. f3 Nxg3 16. Nxg3 Qc7 17. Qf2 c5 18. Kh1 cxd4 19. Bxg6 hxg6 20. exd4 Bd7 21. Bd2 Bb5 22. Rac1 Qb6 23. Rfe1 Bc4 24. Bc3 Qb3 25. Nf1 Rxe1 26. Qxe1 Qb5 27. Qf2 Re8 28. Ne3 Bf4 29. Re1 Bxe3 30. Rxe3 Bb3 31. Rxe8+ Qxe8 32. Qe1 Qxe1+ 33. Bxe1 f6 34. Kg1 Kf7 35. Kf2 Ke6 36. Ke3 g5 37. g3 Kf5 38. Bb4 g4 39. f4 Ke6 40. Bd2 b6 41. Bb4 Bc4 42. Bd2 Ba2 43. Bb4 Bb3 44. Bd2 a5 45. Be1 Kd6 46. Kd2 Kc6 47. Kc3 Bc4 48. Bd2 Kb5 49. b4 axb4+ 50. axb4 Kc6 51. Be1 Be2 52. Kd2 Bf3 53. Kc3 Be4 54. Kd2 Bb1 55. Kc3 Kb5 56. Bd2 Kc6 57. Be1 Kb5 58. Bd2 Kc6 1/2-1/2

[Event "IND-ch (Women) 39th"]
[Site "Jalgaon"]
[Date "2012.11.02"]
[Round "10"]
[White "Pratyusha, Bodda"]
[Black "Ramaswamy, Aarthie"]
[Result "1-0"]
[WhiteElo "2128"]
[BlackElo "2148"]
[PlyCount "123"]
[EventDate "2012.10.24"]
[EventType "swiss"]
[EventRounds "11"]
[EventCountry "IND"]
[SourceTitle "EXT 2013"]
[Source "ChessBase"]
[SourceDate "2012.11.22"]
[SourceVersion "1"]
[SourceVersionDate "2012.11.22"]
[SourceQuality "1"]

1. e4 e5 2. Nf3 Nc6 3. Bc4 Nf6 4. d3 Bc5 5. c3 0-0 6. Bb3 d5 7. Qe2 Be6 8. Bc2 a6 9. Bg5 h6 10. Bh4 d4 11. h3 Be7 12. g4 Nd7 13. Bg3 b5 14. 0-0 h5 15. Ne1 Bh4 16. Bh2 hxg4 17. hxg4 Qg5 18. Bd1 Nf6 19. f4 exf4 20. Bxf4 Qg6 21. Ng2 Bg5 22. cxd4 Bxg4 23. Qe3 Bxf4 24. Nxf4 Qh6 25. Bxg4 Nxg4 26. Qg3 Nf6 27. d5 Nd4 28. Kg2 Nh5 29. Nxh5 Qxh5 30. Nc3 Rae8 31. Rf4 Ne2 32. Nxe2 Qxe2+ 33. Rf2 Qh5 34. Rh1 Qe5 35. Qg4 g6 36. Kf1 Kg7 37. Qf3 Qg5 38. Rc2 Qe5 39. Rch2 Rh8 40. Rxh8 Rxh8 41. Rxh8 Kxh8 42. Qxf7 Qxb2 43. Qxc7 Qd2 44. Qd8+ Kg7 45. Qe7+ Kh6 46. d6 Qxd3+ 47. Kf2 Qd2+ 48. Kf3 g5 49. Qf8+ Kg6 50. Qf5+ Kg7 51. d7 Qd1+ 52. Kg3 Qg1+ 53. Kh3 Qh1+ 54. Kg4 Qh4+ 55. Kf3 Qh1+ 56. Ke3 Qg1+ 57. Kd3 Qd1+ 58. Kc3 Qe1+ 59. Kd4 Qb4+ 60. Kd5 Qc4+ 61. Kd6 Qd4+ 62. Ke7 1-0

[Event "IND-ch (Women) 39th"]
[Site "Jalgaon"]
[Date "2012.10.30"]
[Round "7"]
[White "Ramaswamy, Aarthie"]
[Black "Ivana Maria, Furtado"]
[Result "1-0"]
[WhiteElo "2148"]
[BlackElo "2119"]
[PlyCount "97"]
[EventDate "2012.10.24"]
[EventType "swiss"]
[EventRounds "11"]
[EventCountry "IND"]
[SourceTitle "EXT 2013"]
[Source "ChessBase"]
[SourceDate "2012.11.22"]
[SourceVersion "1"]
[SourceVersionDate "2012.11.22"]
[SourceQuality "1"]

1. e4 e6 2. d4 d5 3. Nd2 Nf6 4. e5 Nfd7 5. Ngf3 c5 6. c3 Nc6 7. Bd3 g6 8. h4 h5 9. 0-0 Be7 10. Re1 cxd4 11. cxd4 Bxh4 12. Nxh4 Qxh4 13. Nf3 Qg4 14. Be3 h4 15. Ng5 Qxd1 16. Raxd1 Nb6 17. Rc1 Bd7 18. b3 Ne7 19. Nf3 Nf5 20. Bg5 Bc6 21. a4 a5 22. Bxf5 gxf5 23. Bxh4 Rh5 24. Bg5 Kd7 25. Bd2 Nc8 26. g3 Ne7 27. Kg2 b6 28. Rh1 Rah8 29. Rxh5 Rxh5 30. Ng5 Ke8 31. f4 Rh8 32. Rc2 Rf8 33. Bc1 Kd7 34. Ba3 Rc8 35. Nxf7 Bb7 36. Rxc8 Bxc8 37. Bxe7 Kxe7 38. Nd6 Ba6 39. Nb5 Kd7 40. Kf3 Kc6 41. g4 fxg4+ 42. Kxg4 Bxb5 43. axb5+ Kxb5 44. f5 Kc6 45. f6 Kd7 46. Kg5 Ke8 47. Kg6 Kf8 48. f7 b5 49. Kf6 1-0

[Event "IND-ch (Women) 39th"]
[Site "Jalgaon"]
[Date "2012.10.28"]
[Round "5"]
[White "Ramaswamy, Aarthie"]
[Black "Soumya, Swaminathan"]
[Result "0-1"]
[WhiteElo "2148"]
[BlackElo "2251"]
[PlyCount "80"]
[EventDate "2012.10.24"]
[EventType "swiss"]
[EventRounds "11"]
[EventCountry "IND"]
[SourceTitle "EXT 2013"]
[Source "ChessBase"]
[SourceDate "2012.11.22"]
[SourceVersion "1"]
[SourceVersionDate "2012.11.22"]
[SourceQuality "1"]

1. e4 c5 2. Nf3 d6 3. d4 cxd4 4. Qxd4 a6 5. Be2 Nc6 6. Qd3 g6 7. Bd2 Bg7 8. Bc3 Nf6 9. e5 dxe5 10. Qxd8+ Nxd8 11. Bxe5 Nc6 12. Bc3 Bf5 13. Bd3 Bxd3 14. cxd3 Rd8 15. Ke2 0-0 16. g3 e5 17. Nbd2 Nd5 18. Rhd1 Rfe8 19. Rdc1 f5 20. Ne1 Bh6 21. Rd1 b5 22. a3 Nd4+ 23. Bxd4 exd4+ 24. Kf3 Rxe1 25. Rxe1 Bxd2 26. Re6 a5 27. Ra6 Rc8 28. Rd6 Ne7 29. Rxd4 Rc2 30. Rb1 Kf7 31. a4 Nc6 32. Rh4 bxa4 33. Rxh7+ Ke6 34. Kg2 Ne5 35. d4 Nd3 36. Rb7 Bb4 37. d5+ Kxd5 38. Rd1 Rxf2+ 39. Kg1 Rd2 40. Rxd2 Bxd2 0-1